Normal view
MARC view
- SUPERVISOR RAJA AMER AZIM
Entry Personal Name
001 - CONTROL NUMBER
- control field: 72030
003 - CONTROL NUMBER IDENTIFIER
- control field: NUST
005 - DATE AND TIME OF LATEST TRANSACTION
- control field: 20210628204730.0
008 - FIXED-LENGTH DATA ELEMENTS
- fixed length control field: 210628|| aca||aabn | a|a d
040 ## - CATALOGING SOURCE
- Original cataloging agency: NUST
- Transcribing agency: NUST
100 ## - HEADING--PERSONAL NAME
- Personal name: SUPERVISOR RAJA AMER AZIM
670 ## - SOURCE DATA FOUND
- Source citation: Work cat.: (NUST): DANIAL,HASSAN,ABDUL REHMAN 72028, PR-SOF-1267-DESIGN AND FABRICATION OF STEERING AND SUSPENSION SYSTEM OF SAE MINI BAJA, 2013
